00377nam a22001097a 4500008004100000040005500041080001500096245007500111260005900186300001000245650001200255230609b |||||||| |||| 00| 0 eng d aNational Science LibrarycNational Science Library a627.2 bK9 aTraffic survey of Cochin port c/ National Council of Applied Research aMadras: bNational Council of Applied Research, c1969 a117p. aScience